Practical business statistics

Na minha lista:
Detalhes bibliográficos
Formato: Livro
Publicado em: Pacific Grove: Duxbury Press, ©1998
Assuntos:
Tags: Adicionar Tag
Sem tags, seja o primeiro a adicionar uma tag!

MARC

LEADER 00000nam a2200000 4500
020 |a 9780534360092  |c TZS 8750/= 
040 |a MUL  |b eng.  |e AACR 
082 |a 519.50285536 MIN 
245 |a Practical business statistics  |c / Minitab, Inc 
260 |a  Pacific Grove:  |b Duxbury Press,  |c  ©1998 
300 |a xii, (various pagings):   |b ill.;  |c 24 cm. 
504 |a Includes index 
546 |a eng. 
650 |a Statistics Computer programs 
942 |c BK 
999 |c 3408  |d 3408